000 00503nam a2200169Ia 4500
003 OSt
005 20200917120920.0
008 190216s9999||||xx |||||||||||||| ||und||
040 _coclc
082 _a621.366
_bTHY/L
100 _aThyagarajan, K
_94667
245 0 _aLasers Theory And Applications /
_cK Thyagarajan ; A K Ghatak
260 _bMacmillan India Ltd,
_c2002.
_aNew Delhi:
300 _a431p
650 _aPhysics
942 _cBK
_2ddc
_h621.366
_iTHY/L
_k621.366
_mTHY/L
999 _c33595
_d33595